ՀՀ Գիտությունների ազգային ակադեմիայի հիմնարար գիտական գրադարան  =   Fundamental Scientific Library of NAS RA

Երկեր : (Record no. 94735)

MARC details
000 -LEADER
fixed length control field 00733nam a2200181 a 4500
001 - CONTROL NUMBER
control field 000261675
003 - CONTROL NUMBER IDENTIFIER
control field AM-YeHGA
005 - DATE AND TIME OF LATEST TRANSACTION
control field 20250618071742.0
008 - FIXED-LENGTH DATA ELEMENTS--GENERAL INFORMATION
fixed length control field 030912s1958 ai 000 | arm d
040 ## - CATALOGING SOURCE
Original cataloging agency AM-YeHGA
090 ## - LOCALLY ASSIGNED LC-TYPE CALL NUMBER (OCLC); LOCAL CALL NUMBER (RLIN)
-- 96036
100 1# - MAIN ENTRY--PERSONAL NAME
Personal name Գույումճյան, Հակոբ Երեմի,
Dates associated with a name 1904-1961
9 (RLIN) 2243
245 10 - TITLE STATEMENT
Title Երկեր :
Remainder of title [Ժողովածու] /
Statement of responsibility, etc. Հ. Գույումճյան; Առաջաբ.՝ Հր. Գրիգորյան.
260 ## - PUBLICATION, DISTRIBUTION, ETC.
Place of publication, distribution, etc. Երևան :
Name of publisher, distributor, etc. Հայպետհրատ,
Date of publication, distribution, etc. 1958.
300 ## - PHYSICAL DESCRIPTION
Extent 326 էջ :
Other physical details 1 թ. դիմանկ. ;
Dimensions 20 սմ.
650 14 - SUBJECT ADDED ENTRY--TOPICAL TERM
Topical term or geographic name entry element Հայ գրականություն
General subdivision Երկերի ժողովածու
700 1# - ADDED ENTRY--PERSONAL NAME
Personal name Գրիգորյան, Հրաչյա Գևորգի,
Dates associated with a name 1907-1969
Relator term առաջաբ.
Relationship aui
9 (RLIN) 1647
Holdings
Withdrawn status Lost status Damaged status Not for loan Collection Home library Current library Date acquired Total checkouts Full call number Barcode Date last seen Price effective from Koha item type Public note Cost, replacement price
        General Fundamental Scientific Library Fundamental Scientific Library 22/12/2016   891.981 220067071 22/12/2016 22/12/2016 Գրքեր / Books 30 Days Loan  
        General Fundamental Scientific Library Fundamental Scientific Library 22/12/2016   AII/27279 220027279 22/12/2016 22/12/2016 Գրքեր / Books 30 Days Loan 7.00
        General Fundamental Scientific Library Fundamental Scientific Library 22/12/2016   AII/27280 220027280 22/12/2016 22/12/2016 Գրքեր / Books 30 Days Loan 7.00
        General Fundamental Scientific Library Fundamental Scientific Library 22/12/2016   AII/27281 220027281 22/12/2016 22/12/2016 Գրքեր / Books 30 Days Loan 7.00
        General Fundamental Scientific Library Fundamental Scientific Library 22/12/2016   AII/27282 220027282 22/12/2016 22/12/2016 Գրքեր / Books 30 Days Loan 7.00
        General Fundamental Scientific Library Fundamental Scientific Library 22/12/2016   AII/27283 220027283 22/12/2016 22/12/2016 Գրքեր / Books 30 Days Loan 7.00


ՀՀ ԳԱԱ հիմնարար գիտական գրադարան
ՀՀ,Երևան 0019
Մարշալ Բաղրամյան 24/6
հեռախոս:(374-10) 52-47-50
Հետադարձ կապ

All site content, except where otherwise noted, is licensed under a
Creative Commons License